000 00396nam a2200133Ia 4500
008 191108s9999 xx 000 0 und d
020 _a978-971-679-088-7
100 _adel Rosario, Ramon V.
245 _cRamon V. Del Rosario
_aAnti-Corruption :
_bManual for SMEs /
260 _a[Makati]:
_bAsian Institute of Management
_c2011
300 _a247 pages :
650 _aCorruption
650 _aLaw
999 _c362528
_d362528